| 000 | 00591nam a22002177a 4500 | ||
|---|---|---|---|
| 005 | 20230627102436.0 | ||
| 008 | 230627b ||||| |||| 00| 0 eng d | ||
| 040 | _cAL | ||
| 041 | _aEnglish | ||
| 082 |
_223 _a303.44 _bMADC |
||
| 100 |
_aT N Madan _9124905 |
||
| 245 | _aCulture and Development | ||
| 260 |
_aDelhi _bOxford University Press _c1983 |
||
| 300 |
_a61 p. _bPB _c21.5x14 cm. |
||
| 650 |
_aSocial policy _9124906 |
||
| 650 |
_aIndia _9124907 |
||
| 650 |
_aSocial conditions _9124908 |
||
| 650 |
_aEconomic policy _9124909 |
||
| 700 |
_aMADAN (T N) _9124910 |
||
| 942 |
_2ddc _cDB |
||
| 999 |
_c227678 _d227678 |
||